| 000 | 00353nam a22001697a 4500 | ||
|---|---|---|---|
| 003 | UA-OsUOA | ||
| 001 | 3476 | ||
| 007 | ta | ||
| 008 | 20050721b un ||||| |||| 00| 0 ukr d | ||
| 100 | _aCarr | ||
| 700 | _aHerman Y. | ||
| 942 | _cBK | ||
| 040 |
_aUA-OsUOA _cUA-OsUOA _dUA-OsUOA |
||
| 245 | _aPhysics from the Ground Up. | ||
| 955 | _a2 | ||
| 650 | 7 | _2UDC | |
| 999 |
_c289638 _d289638 |
||